00609nam a2200181 a 450000500170000000800410001702000180005805000230007610000240009924500530012326000390017630000160021544000310023152000960026265000210035865000270037965000210040620140412111239.0001118s19uu xx 00 eng d a0-394-82997-2 aTR(PS EbHe34 1974 aBerenstain, Stanley aHe bear, she bear /cby Stan and Jan Berenstain. aNew York :bBeginner Books,c1974. a1 v. (unp.) aA Brigt and earky book, 20 aTwo little bears, a brother and a sister, speculate on all things they could grow up to be. aBears -- Stories aOccupations -- Fiction aStories in Rhyme